[Event "Montreal Mercredi 11"]
[Site "Montreal CAN"]
[Date "2013.12.04"]
[Round "4"]
[White "Heredia, Jose"]
[Black "Fortin-Lavoie, Patrice"]
[Result "0-1"]
[WhiteElo "1858"]
[BlackElo "1723"]
[PlyCount "56"]
[GameId "2160767909216515"]
[EventDate "2013.11.13"]
[EventType "swiss"]
[EventRounds "5"]
[EventCountry "CAN"]
[SourceTitle "EXT 2022"]
[Source "ChessBase"]
[SourceDate "2021.10.06"]
[SourceVersion "1"]
[SourceVersionDate "2021.10.06"]
[SourceQuality "1"]

1. e4 c5 2. Nc3 e6 3. f4 a6 4. Nf3 b5 5. a3 Bb7 6. d3 Ne7 7. Be2 Ng6 8. O-O Qc7 9. Ng5 f6 10. Bh5 fxg5 11. f5 Kd8 12. fxg6 hxg6 13. Rxf8+ Rxf8 14. Bxg5+ Kc8 15. Bxg6 Nc6 16. g3 Kb8 17. Bh5 Ka7 18. a4 Nd4 19. axb5 Qe5 20. Be3 Rh8 21. Bg4 Raf8 22. Kg2 d5 23. bxa6 Bc6 24. Bxd4 cxd4 25. exd5 dxc3 26. dxc6 Qd5+ 27. Bf3 Rxf3 28. Qg1+ Re3+ 0-1

[Event "Montreal Mercredi 11"]
[Site "Montreal CAN"]
[Date "2013.12.04"]
[Round "4"]
[White "Lamoureux, Yvon"]
[Black "Chesnut, Walter"]
[Result "1/2-1/2"]
[WhiteElo "1627"]
[BlackElo "1633"]
[PlyCount "105"]
[GameId "2160767909216516"]
[EventDate "2013.11.13"]
[EventType "swiss"]
[EventRounds "5"]
[EventCountry "CAN"]
[SourceTitle "EXT 2022"]
[Source "ChessBase"]
[SourceDate "2021.10.06"]
[SourceVersion "1"]
[SourceVersionDate "2021.10.06"]
[SourceQuality "1"]

1. e4 e5 2. Nf3 Nc6 3. Bb5 a6 4. Ba4 Nf6 5. O-O b5 6. Bb3 Be7 7. Re1 d6 8. c3 O-O 9. h3 Na5 10. Bc2 c5 11. d4 Qc7 12. Nbd2 Nc6 13. d5 Nd8 14. Nf1 Ne8 15. g4 g6 16. Ng3 Ng7 17. Kh2 f6 18. Rg1 Nf7 19. Nh4 f5 20. Nhxf5 gxf5 21. gxf5 Kh8 22. Nh5 Nxh5 23. Qxh5 Bf6 24. Rg6 Qe7 25. Be3 Bd7 26. Rag1 Rg8 27. R6g4 Rxg4 28. hxg4 Ng5 29. Kg3 Be8 30. Qh6 Qg7 31. Rh1 Rd8 32. Qh2 Kg8 33. f3 h5 34. Kf2 h4 35. Ke2 Rd7 36. Bf2 h3 37. Be3 Qh8 38. Bxg5 Bxg5 39. Qxh3 Rh7 40. Qxh7+ Qxh7 41. Rxh7 Kxh7 42. b3 Bf4 43. Bd3 Kh6 44. Kf2 Kg5 45. Be2 Bd2 46. c4 b4 47. Bd1 Kf4 48. Ke2 Bc1 49. Kf2 Bb2 50. Ke2 Bd4 51. Kd2 Bg1 52. Ke2 Bd4 53. Bc2 1/2-1/2

[Event "Montreal Mercredi 11"]
[Site "Montreal CAN"]
[Date "2013.12.04"]
[Round "4"]
[White "Ostaci, Liviu"]
[Black "Millette, Sylvain"]
[Result "0-1"]
[WhiteElo "1707"]
[BlackElo "1728"]
[PlyCount "36"]
[GameId "2160767909216518"]
[EventDate "2013.11.13"]
[EventType "swiss"]
[EventRounds "5"]
[EventCountry "CAN"]
[SourceTitle "EXT 2022"]
[Source "ChessBase"]
[SourceDate "2021.10.06"]
[SourceVersion "1"]
[SourceVersionDate "2021.10.06"]
[SourceQuality "1"]

1. e4 Nf6 2. e5 Nd5 3. d4 d6 4. c4 Nb6 5. exd6 exd6 6. d5 Be7 7. Bd3 N8d7 8. f4 Bf6 9. Nc3 Nc5 10. Be2 Qe7 11. Kf1 Bf5 12. g4 Bxc3 13. bxc3 Be4 14. Nf3 Bxf3 15. Bxf3 Nxc4 16. Qd4 Nb6 17. Bd2 O-O-O 18. a4 Nb3 0-1

[Event "Montreal Mercredi 11"]
[Site "Montreal CAN"]
[Date "2013.12.04"]
[Round "4"]
[White "Rondon, Luciano"]
[Black "Dumouchel, Alain"]
[Result "1/2-1/2"]
[WhiteElo "1895"]
[BlackElo "1893"]
[PlyCount "59"]
[GameId "2160767909216519"]
[EventDate "2013.11.13"]
[EventType "swiss"]
[EventRounds "5"]
[EventCountry "CAN"]
[SourceTitle "EXT 2022"]
[Source "ChessBase"]
[SourceDate "2021.10.06"]
[SourceVersion "1"]
[SourceVersionDate "2021.10.06"]
[SourceQuality "1"]

1. d4 Nf6 2. c4 g6 3. Nc3 Bg7 4. e4 d6 5. f4 O-O 6. Nf3 c5 7. d5 e6 8. Be2 exd5 9. exd5 Bg4 10. O-O a6 11. Bd3 b5 12. cxb5 axb5 13. Bxb5 Qb6 14. Be3 Ne8 15. a4 Nc7 16. Qe2 Bxc3 17. bxc3 Nxd5 18. Qd2 Nxe3 19. Qxe3 Bxf3 20. Rxf3 Nc6 21. Bxc6 Qxc6 22. f5 Rxa4 23. Raf1 Qe4 24. Qg5 f6 25. Qg3 Qe5 26. fxg6 Qxg3 27. gxh7+ Kxh7 28. Rxg3 f5 29. Rd1 Rf6 30. Rgd3 1/2-1/2

[Event "Montreal Mercredi 11"]
[Site "Montreal CAN"]
[Date "2013.12.04"]
[Round "4"]
[White "Struben, Jeroen"]
[Black "Jones, Christopher1"]
[Result "1-0"]
[WhiteElo "1693"]
[BlackElo "1650"]
[PlyCount "79"]
[GameId "2160767909216520"]
[EventDate "2013.11.13"]
[EventType "swiss"]
[EventRounds "5"]
[EventCountry "CAN"]
[SourceTitle "EXT 2022"]
[Source "ChessBase"]
[SourceDate "2021.10.06"]
[SourceVersion "1"]
[SourceVersionDate "2021.10.06"]
[SourceQuality "1"]

1. d4 Nf6 2. c4 e6 3. Nc3 Bb4 4. Qc2 O-O 5. Nf3 d5 6. e3 b6 7. a3 Be7 8. cxd5 exd5 9. Bd3 c5 10. b3 Ba6 11. Nb5 Nbd7 12. O-O h6 13. Bb2 Bb7 14. Rac1 a6 15. Nc3 Rc8 16. Qe2 b5 17. dxc5 Nxc5 18. Bc2 Nce4 19. Nxe4 Nxe4 20. Rfd1 Qb6 21. Ne5 Qe6 22. Nf3 Bf6 23. Nd4 Bxd4 24. Bxd4 f5 25. Bb1 Qe7 26. b4 Qh4 27. f3 Ng5 28. Qf2 Qh5 29. Qg3 Ne6 30. Be5 g5 31. h4 f4 32. exf4 Nxf4 33. Bxf4 Rxf4 34. Rxc8+ Bxc8 35. Rxd5 Qe8 36. hxg5 Qe3+ 37. Kh2 h5 38. Rd8+ Rf8 39. Bc2 Kg7 40. Qc7+ 1-0

[Event "Montreal Mercredi 11"]
[Site "Montreal CAN"]
[Date "2013.12.04"]
[Round "4"]
[White "Tremblay, Alain"]
[Black "Boudreau, Daniel"]
[Result "0-1"]
[WhiteElo "2076"]
[BlackElo "2058"]
[PlyCount "20"]
[GameId "2160767909216521"]
[EventDate "2013.11.13"]
[EventType "swiss"]
[EventRounds "5"]
[EventCountry "CAN"]
[SourceTitle "EXT 2022"]
[Source "ChessBase"]
[SourceDate "2021.10.06"]
[SourceVersion "1"]
[SourceVersionDate "2021.10.06"]
[SourceQuality "1"]

1. e4 c5 2. f4 a6 3. Nf3 Nc6 4. Nc3 e6 5. a4 Qc7 6. f5 Nf6 7. Bc4 Bd6 8. d3 Ng4 9. fxe6 dxe6 10. h3 Bg3+ 0-1

[Event "Montreal Mercredi 11"]
[Site "Montreal CAN"]
[Date "2013.11.28"]
[Round "5"]
[White "Millette, Sylvain"]
[Black "Heredia, Jose"]
[Result "1/2-1/2"]
[WhiteElo "1728"]
[BlackElo "1858"]
[PlyCount "81"]
[GameId "2160767909216522"]
[EventDate "2013.11.13"]
[EventType "swiss"]
[EventRounds "5"]
[EventCountry "CAN"]
[SourceTitle "EXT 2022"]
[Source "ChessBase"]
[SourceDate "2021.10.06"]
[SourceVersion "1"]
[SourceVersionDate "2021.10.06"]
[SourceQuality "1"]

1. Nf3 c5 2. g3 Nc6 3. Bg2 d6 4. c4 g6 5. d4 Bg7 6. dxc5 Qa5+ 7. Bd2 Qxc5 8. Qb3 Be6 9. Na3 Qb6 10. Nb5 Nf6 11. Ng5 Nd7 12. Nxe6 fxe6 13. O-O Nc5 14. Qe3 a6 15. Bxc6+ Qxc6 16. Bc3 e5 17. Na3 O-O 18. b3 Rf5 19. Nc2 e6 20. Nb4 Qc7 21. Rad1 Bf8 22. Nd3 Nxd3 23. Qxd3 Be7 24. Bb4 Rd8 25. Rd2 b6 26. Rfd1 Rf7 27. Qc2 Bf8 28. Bc3 Bg7 29. Bb2 Qc5 30. e3 a5 31. Qc1 Qc6 32. Qc2 Rfd7 33. Qd3 Rf7 34. Qc2 Rfd7 35. Ba3 Bf8 36. Bb2 Bg7 37. Qd3 Rf7 38. Qe2 h5 39. Qd3 Kh7 40. Qc2 Rfd7 41. Ba3 1/2-1/2

[Event "Montreal Mercredi 11"]
[Site "Montreal CAN"]
[Date "2013.12.11"]
[Round "5"]
[White "Boudreau, Daniel"]
[Black "Have, Didier"]
[Result "1-0"]
[WhiteElo "2058"]
[BlackElo "1995"]
[PlyCount "41"]
[GameId "2160767909216523"]
[EventDate "2013.11.13"]
[EventType "swiss"]
[EventRounds "5"]
[EventCountry "CAN"]
[SourceTitle "EXT 2022"]
[Source "ChessBase"]
[SourceDate "2021.10.06"]
[SourceVersion "1"]
[SourceVersionDate "2021.10.06"]
[SourceQuality "1"]

1. e4 e6 2. d4 d5 3. e5 c5 4. c3 Nc6 5. Nf3 Bd7 6. Bd3 Qb6 7. O-O cxd4 8. cxd4 Nxd4 9. Nxd4 Qxd4 10. Qe2 a6 11. Rd1 Rc8 12. Nd2 Ba4 13. Nb3 Bxb3 14. Bb5+ axb5 15. Qxb5+ Kd8 16. Rxd4 Bc5 17. Rf4 Bc4 18. Rxc4 dxc4 19. Bg5+ Be7 20. Rd1+ Kc7 21. Rd7+ 1-0

[Event "Montreal Mercredi 11"]
[Site "Montreal CAN"]
[Date "2013.12.11"]
[Round "5"]
[White "Chesnut, Walter"]
[Black "Struben, Jeroen"]
[Result "0-1"]
[WhiteElo "1633"]
[BlackElo "1693"]
[PlyCount "44"]
[GameId "2160767909216525"]
[EventDate "2013.11.13"]
[EventType "swiss"]
[EventRounds "5"]
[EventCountry "CAN"]
[SourceTitle "EXT 2022"]
[Source "ChessBase"]
[SourceDate "2021.10.06"]
[SourceVersion "1"]
[SourceVersionDate "2021.10.06"]
[SourceQuality "1"]

1. e4 d6 2. d4 Nf6 3. Nc3 g6 4. f3 c6 5. Be3 b5 6. Qd2 Nbd7 7. Nge2 Nb6 8. Nf4 b4 9. Nd1 a5 10. g4 Bg7 11. h4 h5 12. g5 Nfd7 13. a4 O-O 14. Be2 Ba6 15. Bxa6 Rxa6 16. Qd3 Ra8 17. O-O c5 18. dxc5 Ne5 19. Qe2 dxc5 20. Bxc5 Rc8 21. Qf2 Nec4 22. Ra2 Rxc5 0-1

[Event "Montreal Mercredi 11"]
[Site "Montreal CAN"]
[Date "2013.12.11"]
[Round "5"]
[White "Dumouchel, Alain"]
[Black "Destree, Frederic"]
[Result "0-1"]
[WhiteElo "1893"]
[BlackElo "1864"]
[PlyCount "66"]
[GameId "2160767909216526"]
[EventDate "2013.11.13"]
[EventType "swiss"]
[EventRounds "5"]
[EventCountry "CAN"]
[SourceTitle "EXT 2022"]
[Source "ChessBase"]
[SourceDate "2021.10.06"]
[SourceVersion "1"]
[SourceVersionDate "2021.10.06"]
[SourceQuality "1"]

1. e4 c5 2. Nf3 g6 3. Nc3 Bg7 4. d4 cxd4 5. Nxd4 Nc6 6. Nde2 Nf6 7. g3 O-O 8. Bg2 d6 9. O-O Bg4 10. h3 Bd7 11. Be3 Qc8 12. Kh2 Rd8 13. f4 Rb8 14. a4 b6 15. Qe1 Nb4 16. Rc1 Qa6 17. b3 Qa5 18. Nd1 Nc6 19. Qxa5 Nxa5 20. e5 Ne8 21. exd6 Nxd6 22. g4 Rbc8 23. Nf2 Bb2 24. c4 Bxc1 25. Nxc1 Bc6 26. Rg1 Bxg2 27. Rxg2 Nc6 28. Ncd3 Na5 29. c5 bxc5 30. Nxc5 Rb8 31. b4 Nac4 32. Na6 Nxe3 33. Nxb8 Rxb8 0-1

[Event "Montreal Mercredi 11"]
[Site "Montreal CAN"]
[Date "2013.12.11"]
[Round "5"]
[White "Fortin-Lavoie, Patrice"]
[Black "Brassard, Sylvain"]
[Result "1-0"]
[WhiteElo "1723"]
[BlackElo "1768"]
[PlyCount "71"]
[GameId "2160767909216527"]
[EventDate "2013.11.13"]
[EventType "swiss"]
[EventRounds "5"]
[EventCountry "CAN"]
[SourceTitle "EXT 2022"]
[Source "ChessBase"]
[SourceDate "2021.10.06"]
[SourceVersion "1"]
[SourceVersionDate "2021.10.06"]
[SourceQuality "1"]

1. c4 e6 2. Nc3 d5 3. cxd5 exd5 4. d4 c6 5. g3 Nf6 6. Bg2 Bf5 7. Nf3 Bb4 8. O-O Bxc3 9. bxc3 O-O 10. Qb3 Qb6 11. c4 Qxb3 12. axb3 Be4 13. Nd2 Bxg2 14. Kxg2 Re8 15. Re1 Nbd7 16. Nf1 a6 17. f3 Rac8 18. g4 h6 19. Ng3 Re6 20. Ba3 g6 21. h4 Re3 22. Bc1 Rxb3 23. cxd5 Nxd5 24. Bxh6 Ne3+ 25. Kf2 Nc2 26. Rab1 Nxd4 27. Rxb3 Nxb3 28. Rb1 Nbc5 29. h5 b5 30. Be3 Ne6 31. hxg6 fxg6 32. Ne4 c5 33. Rd1 Nb8 34. Rd6 Kf7 35. Rb6 c4 36. Nd6+ 1-0

[Event "Montreal Mercredi 11"]
[Site "Montreal CAN"]
[Date "2013.12.11"]
[Round "5"]
[White "Gauthier, Luc"]
[Black "Nardone, Raul"]
[Result "1-0"]
[WhiteElo "1871"]
[BlackElo "1946"]
[PlyCount "63"]
[GameId "2160767909216528"]
[EventDate "2013.11.13"]
[EventType "swiss"]
[EventRounds "5"]
[EventCountry "CAN"]
[SourceTitle "EXT 2022"]
[Source "ChessBase"]
[SourceDate "2021.10.06"]
[SourceVersion "1"]
[SourceVersionDate "2021.10.06"]
[SourceQuality "1"]

1. e4 c5 2. Nc3 d6 3. g3 Nc6 4. d3 g6 5. Bg2 Bg7 6. f4 Nf6 7. Nf3 O-O 8. O-O Nd4 9. h3 e5 10. fxe5 Nh5 11. g4 Ng3 12. Rf2 Nxf3+ 13. Qxf3 Bxe5 14. Bh6 Qh4 15. Bxf8 Be6 16. Bxd6 Bxd6 17. Nd5 Bxd5 18. exd5 f5 19. Qe3 Rd8 20. Qe6+ Kg7 21. gxf5 gxf5 22. c3 Qg5 23. Re1 h5 24. Qe3 Qh4 25. Qf3 Rf8 26. Re6 Bb8 27. d6 Rf7 28. Qe3 f4 29. Qe5+ Kh7 30. Be4+ Nxe4 31. Qxe4+ Kg7 32. Rg2+ 1-0

[Event "Montreal Mercredi 11"]
[Site "Montreal CAN"]
[Date "2013.12.11"]
[Round "5"]
[White "Jones, Christopher1"]
[Black "Salazar, Andres Felipe"]
[Result "0-1"]
[WhiteElo "1650"]
[BlackElo "1680"]
[PlyCount "26"]
[GameId "2160767909216529"]
[EventDate "2013.11.13"]
[EventType "swiss"]
[EventRounds "5"]
[EventCountry "CAN"]
[SourceTitle "EXT 2022"]
[Source "ChessBase"]
[SourceDate "2021.10.06"]
[SourceVersion "1"]
[SourceVersionDate "2021.10.06"]
[SourceQuality "1"]

1. e4 c5 2. Nf3 Nc6 3. Bb5 d6 4. O-O Nf6 5. e5 Ng4 6. exd6 Qxd6 7. Nc3 e6 8. Ne4 Qc7 9. h3 h5 10. d4 cxd4 11. Qxd4 Bd7 12. Bxc6 Bxc6 13. Bf4 Qxf4 0-1

[Event "Montreal Mercredi 11"]
[Site "Montreal CAN"]
[Date "2013.12.11"]
[Round "5"]
[White "Khudaverdian, Berj"]
[Black "Lamoureux, Yvon"]
[Result "1/2-1/2"]
[WhiteElo "1663"]
[BlackElo "1627"]
[PlyCount "146"]
[GameId "2160767909216530"]
[EventDate "2013.11.13"]
[EventType "swiss"]
[EventRounds "5"]
[EventCountry "CAN"]
[SourceTitle "EXT 2022"]
[Source "ChessBase"]
[SourceDate "2021.10.06"]
[SourceVersion "1"]
[SourceVersionDate "2021.10.06"]
[SourceQuality "1"]

1. d4 Nf6 2. c4 g6 3. Nf3 Bg7 4. g3 O-O 5. Bg2 d6 6. Nc3 c6 7. O-O Nbd7 8. e4 Qc7 9. Be3 a6 10. a4 Rb8 11. a5 Ng4 12. Bc1 b5 13. cxb5 cxb5 14. Nd5 Qd8 15. Bg5 f6 16. h3 Nh6 17. Be3 Bb7 18. Nf4 Rf7 19. Ne6 Qe8 20. Qd2 g5 21. Nh4 Nf8 22. d5 Nxe6 23. dxe6 Rf8 24. Nf5 Nxf5 25. exf5 Bxg2 26. Kxg2 Qc6+ 27. Kh2 Qe4 28. g4 h5 29. f3 Qe5+ 30. f4 gxf4 31. Bxf4 Bh6 32. g5 Bxg5 33. Bxe5 Bxd2 34. Bf4 Bxf4+ 35. Rxf4 Kh7 36. Rg1 Rg8 37. Rc1 Rbc8 38. Rff1 Rxc1 39. Rxc1 Rg5 40. Rc7 Rxf5 41. Rxe7+ Kg6 42. Ra7 Re5 43. e7 Kf7 44. e8=Q+ Kxe8 45. Rxa6 Kd7 46. Rb6 Re2+ 47. Kg3 Rxb2 48. Kf4 Ke6 49. Ke4 Rb4+ 50. Kd3 Rb3+ 51. Kc2 Rb4 52. Kc3 Ra4 53. Rxb5 d5 54. Kb3 Rc4 55. Rb6+ Ke5 56. a6 Rc8 57. Kb4 f5 58. a7 Ra8 59. Ra6 Kd4 60. Kb5 f4 61. Kc6 Ke4 62. Kb7 Rxa7+ 63. Rxa7 d4 64. Kc6 d3 65. Re7+ Kf3 66. Rd7 Ke2 67. Kd5 d2 68. Ke4 f3 69. Rxd2+ Kxd2 70. Kxf3 Kd3 71. h4 Kd4 72. Kf4 Kd5 73. Kf5 Kd6 1/2-1/2

[Event "Montreal Mercredi 11"]
[Site "Montreal CAN"]
[Date "2013.12.11"]
[Round "5"]
[White "Lopez Linares, Lizandro"]
[Black "Cloutier, Mathieu"]
[Result "0-1"]
[WhiteElo "2055"]
[BlackElo "2112"]
[PlyCount "76"]
[GameId "2160767909216531"]
[EventDate "2013.11.13"]
[EventType "swiss"]
[EventRounds "5"]
[EventCountry "CAN"]
[SourceTitle "EXT 2022"]
[Source "ChessBase"]
[SourceDate "2021.10.06"]
[SourceVersion "1"]
[SourceVersionDate "2021.10.06"]
[SourceQuality "1"]

1. d4 Nf6 2. Nf3 c5 3. e3 b6 4. Bd3 Bb7 5. O-O g6 6. Nbd2 Bg7 7. Qe2 Nc6 8. c3 O-O 9. Rd1 d6 10. a3 Rc8 11. dxc5 bxc5 12. e4 Qc7 13. Nc4 d5 14. exd5 Nxd5 15. g3 e6 16. h4 Rfe8 17. h5 Rcd8 18. hxg6 hxg6 19. Bg5 Nde7 20. Rd2 e5 21. Be4 f6 22. Rxd8 Rxd8 23. Be3 f5 24. Bc2 Nd4 25. cxd4 cxd4 26. Bb3 Nd5 27. Bxd4 exd4 28. Qe6+ Qf7 29. Ng5 Qxe6 30. Nxe6 Rb8 31. Nd6 Bc6 32. Ba2 Rxb2 33. Nf4 Rxa2 34. Rxa2 Nxf4 35. gxf4 Bf8 36. Rd2 Bxd6 37. Rxd4 Bxa3 38. Rc4 Be8 0-1

[Event "Montreal Mercredi 11"]
[Site "Montreal CAN"]
[Date "2013.12.11"]
[Round "5"]
[White "Valle-Romo, Ricardo"]
[Black "Tremblay, Alain"]
[Result "0-1"]
[WhiteElo "1995"]
[BlackElo "2076"]
[PlyCount "56"]
[GameId "2160767909216532"]
[EventDate "2013.11.13"]
[EventType "swiss"]
[EventRounds "5"]
[EventCountry "CAN"]

1. Nf3 d6 2. c4 g6 3. Nc3 Bg7 4. d3 Nf6 5. h3 Nc6 6. g4 a6 7. Bg2 Bd7 8. Rb1 Rb8 9. Bd2 b5 10. cxb5 axb5 11. g5 Nh5 12. Ne4 Ne5 13. Nxe5 Bxe5 14. e3 d5 15. Nc5 d4 16. Nxd7 Qxd7 17. Qc2 O-O 18. O-O Rbd8 19. exd4 Bxd4 20. Qc6 Qf5 21. Qf3 Qe6 22. a3 Qb3 23. Rfd1 c5 24. Qe2 e5 25. Kh2 f6 26. Bf3 fxg5 27. Bxg5 Rxf3 28. Qxf3 Rf8 0-1

[Event "Montreal op"]
[Site "Montreal CAN"]
[Date "2013.09.06"]
[Round "1"]
[White "Cvetkovic, Simeon"]
[Black "Prahov, Valentin"]
[Result "0-1"]
[WhiteElo "1964"]
[BlackElo "2135"]
[PlyCount "76"]
[GameId "2160767909229512"]
[EventDate "2013.09.06"]
[EventType "swiss"]
[EventRounds "5"]
[EventCountry "CAN"]
[SourceTitle "EXT 2022"]
[Source "ChessBase"]
[SourceDate "2021.10.06"]
[SourceVersion "1"]
[SourceVersionDate "2021.10.06"]
[SourceQuality "1"]

1. g3 Nf6 2. Bg2 d5 3. Nf3 g6 4. O-O Bg7 5. d3 O-O 6. Nbd2 c5 7. e4 Nc6 8. exd5 Nxd5 9. Re1 b6 10. Nc4 Bb7 11. Nce5 Qc7 12. Nxc6 Bxc6 13. Qe2 Rae8 14. Ne5 Bb7 15. a4 f6 16. Nxg6 hxg6 17. Qe6+ Kh7 18. Qh3+ Kg8 19. Qe6+ Kh7 20. Bxd5 Bxd5 21. Qxd5 e5 22. Bd2 Rd8 23. Qe6 f5 24. Bc3 Rde8 25. Qc4 f4 26. g4 f3 27. Bd2 Rd8 28. Re4 Rd4 29. Rxd4 exd4 30. Re1 Qd8 31. g5 Rf5 32. Kh1 Rd5 33. Re4 Be5 34. Qa2 Kg7 35. Qb1 Qh8 36. h4 Qc8 37. Kg1 Qh3 38. Qf1 Qh2# 0-1

[Event "Montreal op"]
[Site "Montreal CAN"]
[Date "2013.09.06"]
[Round "1"]
[White "Ibrahim, Anthony"]
[Black "Nunez, Omar"]
[Result "1-0"]
[WhiteElo "2157"]
[BlackElo "1993"]
[PlyCount "73"]
[GameId "2160767909229513"]
[EventDate "2013.09.06"]
[EventType "swiss"]
[EventRounds "5"]
[EventCountry "CAN"]
[SourceTitle "hb 2013"]

1. d4 c5 2. d5 Nf6 3. c4 g6 4. Nc3 d6 5. e4 Bg7 6. Nf3 O-O 7. Be2 Na6 8. O-O Nc7 9. Bg5 a6 10. a4 b6 11. Qd2 Bb7 12. Bh6 e5 13. Bxg7 Kxg7 14. Ne1 Qe7 15. Nd3 Rab8 16. f4 exf4 17. Rxf4 Nd7 18. Raf1 Ne5 19. Nxe5 Qxe5 20. Bg4 b5 21. axb5 Qd4+ 22. Qf2 Ba8 23. Bd7 f6 24. Kh1 Qe5 25. bxa6 Nxa6 26. Nb5 Rbd8 27. Be6 Nb4 28. Qg3 Qxb2 29. Nxd6 Rxd6 30. R4f2 Rxe6 31. Rxb2 Rxe4 32. Rd2 Rxc4 33. d6 Nc6 34. d7 Nd8 35. Qd6 Bc6 36. Re2 Be4 37. Qe7+ 1-0

[Event "Montreal op"]
[Site "Montreal CAN"]
[Date "2013.09.06"]
[Round "1"]
[White "Khashper, Arkady"]
[Black "Barre, Michel"]
[Result "1-0"]
[WhiteElo "2134"]
[BlackElo "1956"]
[PlyCount "51"]
[GameId "2160767909229514"]
[EventDate "2013.09.06"]
[EventType "swiss"]
[EventRounds "5"]
[EventCountry "CAN"]
[SourceTitle "hb 2013"]

1. e4 d5 2. exd5 Qxd5 3. Nc3 Qd6 4. d4 Nf6 5. Nf3 a6 6. g3 Bg4 7. Bg2 Nc6 8. O-O O-O-O 9. Bf4 Qb4 10. d5 e6 11. a3 Qxb2 12. Na4 Qb5 13. c4 Qxc4 14. dxc6 Rxd1 15. cxb7+ Kb8 16. Rfxd1 Nd5 17. Rab1 Bd6 18. Nb6 Qc6 19. Rdc1 Qxc1+ 20. Rxc1 Nxb6 21. Ne5 Bxe5 22. Bxe5 Nd7 23. Bxc7+ Ka7 24. Bd6 Nb6 25. Bc5 e5 26. Rb1 1-0

[Event "Montreal op"]
[Site "Montreal CAN"]
[Date "2013.09.06"]
[Round "1"]
[White "Langlois-Remillard, Alexis"]
[Black "Nikulich, Oleksandr"]
[Result "1/2-1/2"]
[WhiteElo "1941"]
[BlackElo "2117"]
[PlyCount "60"]
[GameId "2160767909229515"]
[EventDate "2013.09.06"]
[EventType "swiss"]
[EventRounds "5"]
[EventCountry "CAN"]
[SourceTitle "hb 2013"]

1. g3 Nf6 2. Bg2 c5 3. Nf3 Nc6 4. O-O g6 5. c3 Bg7 6. b3 O-O 7. Bb2 d5 8. d4 Ne4 9. Nbd2 f5 10. Rc1 Kh8 11. e3 Be6 12. Nxe4 fxe4 13. Ng5 Bf5 14. dxc5 Qd7 15. f3 exf3 16. Nxf3 e5 17. Nh4 Be6 18. Qd2 e4 19. c4 g5 20. Bxg7+ Qxg7 21. cxd5 gxh4 22. dxc6 bxc6 23. Qd6 Bd5 24. Rf4 hxg3 25. hxg3 Rxf4 26. Qxf4 Rf8 27. Qd6 Rf6 28. Qd8+ Rf8 29. Qd6 Rf6 30. Qd8+ Rf8 1/2-1/2

[Event "Montreal op"]
[Site "Montreal CAN"]
[Date "2013.09.06"]
[Round "1"]
[White "Libersan, Thierry"]
[Black "Bouchard, Jean-Marc"]
[Result "1/2-1/2"]
[WhiteElo "2143"]
[BlackElo "1979"]
[PlyCount "77"]
[GameId "2160767909229516"]
[EventDate "2013.09.06"]
[EventType "swiss"]
[EventRounds "5"]
[EventCountry "CAN"]
[SourceTitle "hb 2013"]

1. e4 d5 2. exd5 Nf6 3. d4 Nxd5 4. c4 Nf6 5. Nf3 e6 6. Be2 c5 7. O-O Nc6 8. Be3 cxd4 9. Nxd4 Nxd4 10. Bxd4 Be7 11. Nc3 O-O 12. Qd3 a6 13. Rfd1 Qc7 14. Qe3 Bd7 15. Be5 Qc8 16. Qg3 Bc6 17. Rd4 Rd8 18. Rad1 Rxd4 19. Rxd4 Qf8 20. Bf3 Rc8 21. h3 g6 22. Bxc6 Rxc6 23. b3 Qc8 24. Qd3 b5 25. g4 bxc4 26. bxc4 Ne8 27. Ne4 f6 28. Bg3 f5 29. Nd2 Bf6 30. Rd7 Kh8 31. Nf3 Rxc4 32. Be5 Qc6 33. Bxf6+ Nxf6 34. Rd6 Rc1+ 35. Kg2 Qb5 36. Qxb5 axb5 37. Rxe6 fxg4 38. Rxf6 gxf3+ 39. Rxf3 1/2-1/2

[Event "Montreal op"]
[Site "Montreal CAN"]
[Date "2013.09.06"]
[Round "1"]
[White "Luo, Zhao Yang"]
[Black "Dumont, Felix"]
[Result "1-0"]
[WhiteElo "1981"]
[BlackElo "2144"]
[PlyCount "119"]
[GameId "2160767909229517"]
[EventDate "2013.09.06"]
[EventType "swiss"]
[EventRounds "5"]
[EventCountry "CAN"]
[SourceTitle "hb 2013"]

1. d4 Nf6 2. Nf3 g6 3. Bg5 Bg7 4. Nbd2 d5 5. e3 O-O 6. Be2 c5 7. O-O Nc6 8. c3 b6 9. Qa4 Bd7 10. Bb5 Qc7 11. Qa3 Nxd4 12. Nxd4 cxd4 13. Qxe7 Rfe8 14. Qb4 Bxb5 15. Qxb5 dxc3 16. Rac1 Qd7 17. Qxd7 Nxd7 18. bxc3 Rac8 19. c4 dxc4 20. Nxc4 Rc5 21. Nd6 Ree5 22. Bf4 Red5 23. Ne4 Ra5 24. Rc8+ Nf8 25. Bd6 f5 26. Bxf8 fxe4 27. Bb4+ Kf7 28. Bxa5 Rxa5 29. Rc2 b5 30. Rd1 b4 31. Rd7+ Ke6 32. Rxg7 b3 33. Rc1 b2 34. Rf1 Rb5 35. Rb1 Rc5 36. Rf1 Rb5 37. g3 b1=Q 38. Rxb1 Rxb1+ 39. Kg2 a5 40. Ra7 Rb5 41. a4 Rc5 42. g4 g5 43. Rxh7 Rc4 44. Rh5 Rxa4 45. Rxg5 Ra1 46. h4 a4 47. h5 a3 48. Rg7 a2 49. Ra7 Kf6 50. h6 Rb1 51. h7 Rb8 52. Rxa2 Kg5 53. Kg3 Rf8 54. Ra5+ Kg6 55. Rh5 Rh8 56. Kf4 Rf8+ 57. Kxe4 Re8+ 58. Kd5 Rd8+ 59. Ke6 Rd3 60. Rh6+ 1-0

[Event "Montreal op"]
[Site "Montreal CAN"]
[Date "2013.09.06"]
[Round "1"]
[White "Nicula, Marius"]
[Black "Le Duin, Thierry"]
[Result "1-0"]
[WhiteElo "2184"]
[BlackElo "2015"]
[PlyCount "35"]
[GameId "2160767909229518"]
[EventDate "2013.09.06"]
[EventType "swiss"]
[EventRounds "5"]
[EventCountry "CAN"]
[SourceTitle "hb 2013"]

1. Nf3 d5 2. g3 c5 3. Bg2 Nc6 4. d4 Bf5 5. O-O c4 6. b3 b5 7. a4 a6 8. axb5 axb5 9. Rxa8 Qxa8 10. Nc3 Na7 11. Nh4 Be6 12. bxc4 bxc4 13. e4 Nf6 14. exd5 Bxd5 15. Nxd5 Nxd5 16. Qh5 e6 17. Re1 Nf6 18. Rxe6+ 1-0

[Event "Montreal op"]
[Site "Montreal CAN"]
[Date "2013.09.06"]
[Round "1"]
[White "Qin, Zi Yi (Joey)"]
[Black "Poulin, Mathieu"]
[Result "1-0"]
[WhiteElo "2333"]
[BlackElo "2080"]
[PlyCount "63"]
[GameId "2160767909229519"]
[EventDate "2013.09.06"]
[EventType "swiss"]
[EventRounds "5"]
[EventCountry "CAN"]
[SourceTitle "hb 2013"]

1. e4 c6 2. d4 d5 3. exd5 cxd5 4. c4 Nf6 5. Nc3 e6 6. Nf3 Bb4 7. cxd5 Nxd5 8. Bd2 Nc6 9. Bc4 O-O 10. O-O Re8 11. Re1 Nxc3 12. bxc3 Bf8 13. Qe2 Bd7 14. Bd3 g6 15. Rab1 Qc7 16. Ng5 Re7 17. Ne4 Bg7 18. Bg5 Ree8 19. Qf3 Ne7 20. Bf4 Qa5 21. Be5 Bxe5 22. dxe5 Bc6 23. Nf6+ Kg7 24. Nxe8+ Rxe8 25. Be4 Nd5 26. Rbc1 Qxa2 27. c4 Nb4 28. h4 h5 29. Qf6+ Kg8 30. Bxg6 fxg6 31. Qxg6+ Kf8 32. Qf6+ 1-0